| 000 | 00737nam a22001337a 4500 | ||
|---|---|---|---|
| 040 | _cRUA | ||
| 082 | _aAED SOY 2018 B650 Or.1 | ||
| 100 | _aSOY SREYNEAR សយ ស្រីនា | ||
| 245 | _athe study on economic efficiency of fish farm in prey kroch village, krobey riel commune, seim reap district, siem ream provinceការសិក្សារអំពីប្រសិទ្ធភាពសេដ្ឋកិច្ចនៃកសិដ្ឋានចិញ្ចឹមត្រីនៅក្នុងភូមិព្រៃក្រូច ឃុំក្រសៀមរាប ខេត្តសៀមរាប | ||
| 260 |
_aRUA _bPhnom penh _c2018 |
||
| 300 |
_ax;41p _bill; _c29cm |
||
| 856 | _uSOY SREYNEAR | ||
| 942 | _cAED | ||
| 999 |
_c18394 _d18394 |
||